000 00405nam a2200145Ia 4500
008 231217s9999 xx 000 0 und d
041 _aEnglish
082 _a620.076 BOB;1 `R'
100 _aBobrow, JerryOrton, Peter Z . ContCasson, Allan Cont
245 0 _aGRE: Computer based test
250 _a6th ed.
260 _c2002
_bIDG Books, India (P) LTD. N.Delhi
300 _aviii+436
942 _cAA
999 _c168636
_d168636